Novisimo tratado de derecho militar (Registro nro. 160807)

Detalles MARC
000 -LEADER
campo de control de longitud fija 00578nam a22001455i 4500
001 - NÚMERO DE CONTROL
campo de control 160807
003 - IDENTIFICADOR DE NÚMERO DE CONTROL
campo de control ES-MaACL
005 - FECHA Y HORA DE LA ÚLTIMA TRANSACCIÓN
campo de control 20230906212129.0
008 - DATOS DE LONGITUD FIJA--INFORMACIÓN GENERAL
campo de control de longitud fija 950206m18861887sp |||| | spa d
040 ## - FUENTE DE CATALOGACIÓN
Centro catalogador/agencia de origen CARM
Lengua de catalogación spa
Centro/agencia transcriptor CCPB | PA2
245 00 - MENCIÓN DEL TÍTULO
Título Novisimo tratado de derecho militar
Resto del título : indispensable para los consejos de guerra... /
Mención de responsabilidad, etc. por la Redaccion de "La Correspondencia Militar".
260 ## - PUBLICACIÓN, DISTRIBUCIÓN, ETC.
Lugar de publicación, distribución, etc. Madrid :
Nombre del editor, distribuidor, etc. [s.n.],
Fecha de publicación, distribución, etc. 1886-1887 (
Fabricante Tipografía de Diego Pacheco Latorre)
300 ## - DESCRIPCIÓN FÍSICA
Extensión 2 v. (XIV, 880 ; 701 p.) ;
Dimensiones 23 cm.
852 ## - LOCALIZACIÓN
Ubicación ES-MaACL
Número de control de estantería B-1000-1001
Nota libre -- Enc. pasta española
Existencias
Estatus retirado Estado de pérdida Estado de daño No para préstamo Colección Biblioteca de origen Biblioteca actual Ubicación en estantería Fecha de adquisición Fuente de adquisición Total de préstamos Signatura topográfica completa Código de barras Visto por última vez Precio de reemplazo Tipo de ítem Koha
        Libros del s. XIX Biblioteca del Ateneo de Madrid Biblioteca del Ateneo de Madrid Sala Pardo Bazán 17/01/2008     B-1000-1001 1168396 23/02/2023 23/02/2023 Libro impreso antiguo